书目信息 |
| 题名: |
还上双馈风力发电机变流器
|
|
| 作者: | ;国家能源局 | |
| 分册: | ||
| 出版信息: | 北京 中国电力出版社 2013 |
|
| 页数: | 17页 | |
| 开本: | 30cm | |
| 丛书名: | ||
| 单 册: | ||
| 中图分类: | TM315 | |
| 科图分类: | ||
| 主题词: | 发电机 , 发电机--机组 | |
| 电子资源: | ||
| ISBN: | ||
| 000 | 00590nam0 2200205 450 | |
| 001 | 1742682236 | |
| 005 | 20171222115233.72 | |
| 010 | @dCNY11.00 | |
| 100 | @a20171222d2013 km y0chiy0120 ea | |
| 101 | 0 | @achi |
| 102 | @aCN | |
| 200 | 1 | @a还上双馈风力发电机变流器@Ahai shang shuang kui feng li fa dian ji bian liu qi@f国家能源局@Fguo jia neng yuan ju |
| 210 | @a北京@c中国电力出版社@d2013 | |
| 215 | @a17页@d30cm | |
| 606 | 0 | @a发电机 |
| 606 | 0 | @a发电机@x机组 |
| 690 | @aTM315@v4 | |
| 711 | 02 | @a国家能源局@Aguo jia neng yuan ju |
| 801 | 0 | @aCN@bMUSE@c20171222 |
| 905 | @aMUSE@dTM315@eG9301 | |
| 还上双馈风力发电机变流器/国家能源局.-北京:中国电力出版社,2013 |
| 17页;30cm |
| ISBN :CNY11.00 |
| ● |
| 相关链接 |
|
|
|
正题名:还上双馈风力发电机变流器
索取号:TM315/G9301
 
预约/预借
| 序号 | 登录号 | 条形码 | 馆藏地/架位号 | 状态 | 备注 |
| 1 | 1231476 | 212314761 | 能源与建筑环境工程学院资料室/ [索取号:TM315/G9301] | 在馆 |